Music Quiz

Random Music or Bands Quiz

'P' Named Bands & Musicians Quiz Stats

 Plays Quiz Updated Dec 21, 2014

Challenge
Share
Tweet
Embed
Score 0/26 Timer 06:00
6 Plays Today
2 Hit Songs 'P' Band/Artist % Correct
I Kissed a Girl
Firework
Katy Perry
94.1%
Don't Be Cruel
Jailhouse Rock
Elvis Presley
91.8%
Roxanne
Message in a Bottle
The Police
91.5%
Little Red Corvette
Sign o' the Times
Prince
81.9%
9 to 5
Islands in the Stream (w/Kenny Rogers)
Dolly Parton
79.3%
Wish You Were Here
Comfortably Numb
Pink Floyd
73%
Every Rose Has Its Thorn
Talk Dirty to Me
Poison
68.1%
Evenflow
Jeremy
Pearl Jam
66.4%
Addicted to Love
Simply Irresistible
Robert Palmer
58.5%
Don't Cha
When I Grow Up
Pussycat Dolls
54.6%
I'll Stand by You
Brass in Pocket (I'm Special)
The Pretenders
53.8%
Hey There Delilah
The Rhythm of Love
Plain White T's
52.1%
West End Girls
Opportunities (Let's Make Lots of Money)
Pet Shop Boys
51.2%
2 Hit Songs 'P' Band/Artist % Correct
I'm So Excited
Jump (For My Love)
The Pointer Sisters
48.7%
Lump
Peaches
The Presidents of the United States of America
43.9%
A Whiter Shade of Pale
Homburg
Procol Harum
41.1%
Fight the Power
Bring the Noise
Public Enemy
36.8%
Firestarter
Breathe
The Prodigy
35.1%
Still Into You
Misery Business
Paramore
30.7%
I Know You Want Me (Calle Ocho)
Hotel Room Service
Pitbull
28.7%
Last Resort
Between Angels and Insects
Papa Roach
28.2%
Cowboys From Hell
Walk
Pantera
24.9%
1901
Lisztomania
Phoenix
21.1%
Pretty in Pink
Heartbreak Beat
The Psychedelic Furs
20.2%
Such Great Heights
The District Sleeps Alone Tonight
The Postal Service
19%
Mothership Connection (Star Child)
Flash Light
Parliament
15.7%

You're not logged in!

Compare scores with friends on all Sporcle quizzes.
Join for Free
OR
Log In

You Might Also Like...

Show Comments

Extras

Top Quizzes Today


Score Distribution

Your Account Isn't Verified!

In order to create a playlist on Sporcle, you need to verify the email address you used during registration. Go to your Sporcle Settings to finish the process.

Report this User

Report this user for behavior that violates our Community Guidelines.

Details: